[Event "Challenge"]
[Site "http://www.queenalice.com/game.php?id=722741"]
[Date "2010.1.30"]
[Round "-"]
[White "lavander"]
[Black "Ealon"]
[Result "0-1"]
[WhiteElo "1222"]
[BlackElo "1655"]

1. h4 e5 2. a4 Bc5 3. c4 d6 4. e3 Nf6 5. Qc2 b6 6. a5 O-O 7. Qb3 Na6 8. Qb5 Nb4
9. b3 Nc2+ 10. Kd1 Nxa1 11. Qc6 Bd7 12. Qf3 Bg4 13. Be2 Bxf3 14. Bxf3 Rb8 15.
Ne2 Nxb3 16. Bb2 bxa5 17. Nbc3 Bb4 18. Bc6 Qc8 19. Ba4 Bxc3 20. Bxc3 Ne4 21. Kc2
Nec5 22. Bb5 Qf5+ 23. Kb2 d5 24. Nc1 a4 25. Nxb3 Nxb3 26. Bxa4 dxc4 27. f4 Nxd2+
28. Ka1 Rb1+ 29. Ka2 Rxh1 30. Bxd2 Qb1+ 31. Ka3 Qd3+ 32. Kb4 Qxd2+ 33. Kxc4 Rc1+
34. Kb5 Qb2+ 35. Ka5 Qb6# 0-1

[Event "Challenge"]
[Site "http://www.queenalice.com/game.php?id=722747"]
[Date "2010.1.30"]
[Round "-"]
[White "Ealon"]
[Black "McKubik"]
[Result "1-0"]
[WhiteElo "1637"]
[BlackElo "1265"]

1. e4 e5 2. Nf3 Nc6 3. Bc4 d6 4. d3 a6 5. O-O b5 6. Bd5 Qd7 7. c4 bxc4 8. Bxc4
Nf6 9. Qb3 Ng4 10. Ng5 Nd4 11. Bxf7+ Kd8 12. Qd5 c6 13. Qa5+ Qc7 14. Qa4 Ke7 15.
Qc4 Ne2+ 16. Kh1 Qb6 17. d4 h6 18. Nc3 exd4 19. Nxe2 hxg5 20. Nxd4 c5 21. Nf5+
Kd8 22. Bxg5+ Kc7 23. Rad1 Ne5 24. Qd5 Nxf7 25. Qxa8 Bb7 26. Qe8 Nxg5 27. Qg6
Nxe4 28. Nxg7 Qxb2 29. Qf7+ Kb6 30. Rb1 Qb4 31. Rxb4+ cxb4 32. Rb1 Ng5 33. Rxb4+
Ka7 34. Qxb7# 1-0

[Event "Challenge"]
[Site "http://www.queenalice.com/game.php?id=722748"]
[Date "2010.1.30"]
[Round "-"]
[White "redchark"]
[Black "Ealon"]
[Result "0-1"]
[WhiteElo "1185"]
[BlackElo "1655"]

1. Nc3 e5 2. Nf3 Nf6 3. e3 Nc6 4. d4 d6 5. Bb5 Bd7 6. d5 Na5 7. Qd3 c6 8. dxc6
bxc6 9. a4 cxb5 10. axb5 Be7 11. b4 Nb7 12. e4 Qc8 13. O-O O-O 14. Be3 a5 15.
bxa6 Nd8 16. a7 Nc6 17. b5 Nb4 18. Qe2 Qxc3 19. b6 Nxc2 20. Rfc1 Qxa1 21. Rxa1
Nxa1 22. Qa6 Bc8 23. b7 Bxb7 24. Qxb7 Rae8 25. Nd2 Ng4 26. Nc4 Nb3 27. Qxb3 Nxe3
28. Nxe3 Rc8 29. Qb2 Rc7 30. Qb6 Rc1+ 31. Nf1 Ra1 32. h4 Ra8 33. Qc7 R1xa7 34.
Qc4 h6 35. Ne3 Bxh4 36. Nf5 Be7 37. Qc6 Bf8 38. Nxd6 Bxd6 39. Qxd6 f6 40. Qe6+
Rf7 41. f3 g5 42. Kf2 Kg7 43. Kg3 h5 44. Qf5 Raf8 45. Qe6 h4+ 46. Kh3 Rh8 47.
Kg4 Rd8 48. Qf5 Rd2 49. Kh5 Rxg2 50. Qg6+ Kf8 51. f4 h3 52. Qh6+ Ke7 53. Qg6 h2
54. Kh6 h1=Q+ 55. Qh5 Rh2 56. Kg6 Rxh5 57. Kf5 Qh3+ 58. Kg6 Rh6# 0-1

[Event "Challenge"]
[Site "http://www.queenalice.com/game.php?id=722750"]
[Date "2010.1.30"]
[Round "-"]
[White "markgrim83"]
[Black "Ealon"]
[Result "0-1"]
[WhiteElo "824"]
[BlackElo "1642"]

1. e3 e5 2. a4 Nf6 3. c3 d6 4. Nh3 Nc6 5. b3 Na5 6. b4 Nc6 7. g3 Ne4 8. f3 Ng5
9. Na3 Bxh3 10. g4 Qd7 11. b5 Na5 12. Bd3 c5 13. f4 Bg2 14. Rg1 Nf3+ 15. Kf2
Nxg1 16. Kxg2 d5 17. Bf5 Qd8 18. g5 d4 19. Bb2 g6 20. Be4 f5 21. Bxb7 Nxb7 22.
Kxg1 Na5 23. fxe5 h6 24. Qf3 hxg5 25. e4 Nb3 26. Rd1 g4 27. Qd3 Qh4 28. Qc4
Qxh2+ 29. Kf1 Nxd2+ 30. Ke1 Nxc4 31. Nxc4 Qg3+ 32. Kd2 Rh2+ 33. Kc1 Bh6+ 34. Kb1
dxc3 35. Ba3 c2+ 36. Ka1 cxd1=R+ 37. Bc1 Rxc1# 0-1

[Event "Challenge"]
[Site "http://www.queenalice.com/game.php?id=722752"]
[Date "2010.1.30"]
[Round "-"]
[White "Ealon"]
[Black "rigille"]
[Result "1-0"]
[WhiteElo "1662"]
[BlackElo "1048"]

1. Nf3 g6 2. e4 Nc6 3. Bc4 Nf6 4. d3 e6 5. O-O d5 6. exd5 exd5 7. Bb3 Bg4 8. h3
Bh5 9. Be3 Bg7 10. Qe2 O-O 11. c4 d4 12. Bd2 1-0

[Event "Challenge"]
[Site "http://www.queenalice.com/game.php?id=722770"]
[Date "2010.1.30"]
[Round "-"]
[White "Ealon"]
[Black "mpbl2005"]
[Result "1-0"]
[WhiteElo "1642"]
[BlackElo "1122"]

1. Nf3 e5 2. Nxe5 Bc5 3. e3 d6 4. Nc4 Qf6 5. d4 Bb4+ 6. Bd2 Nc6 7. a3 Ba5 8.
Nxa5 Bf5 9. Nc3 Nh6 10. Nd5 Qg6 11. Nxc7+ Kd7 12. Nxa8 Rxa8 13. Rc1 Bg4 14. Be2
Re8 15. Nxc6 bxc6 16. h3 Bh5 17. Bxh5 Qxg2 18. Bf3 Qg5 19. c4 c5 20. Qa4+ Kc7
21. Qc6+ Kd8 22. Ba5+ Ke7 23. Bc7 Nf5 24. Bg4 cxd4 25. Bxf5 Qxf5 26. Qxd6# 1-0

[Event "Challenge"]
[Site "http://www.queenalice.com/game.php?id=722790"]
[Date "2010.1.30"]
[Round "-"]
[White "jrgo"]
[Black "Ealon"]
[Result "0-1"]
[WhiteElo "1094"]
[BlackElo "1632"]

1. e4 e5 2. Qg4 d6 3. Qg3 Nf6 4. Nf3 Nxe4 5. Qh4 Bf5 6. g4 Qxh4 7. Nxh4 Bxg4 8.
Bb5+ c6 9. Ba4 b5 10. Bb3 Be7 11. f3 Bxh4+ 12. Ke2 Bh5 13. d3 Nf2 14. Rg1 O-O
15. Be3 Nh3 16. Rh1 Na6 17. c3 Ng5 18. Bxg5 Bxg5 19. Rg1 h6 20. a4 Nc5 21. Bc2
bxa4 22. b4 Ne6 23. Na3 Nf4+ 24. Kf1 Bxf3 25. Kf2 Nh3+ 26. Kg3 Nxg1 27. Rxg1 Bd5
28. h4 Bf4+ 29. Kf2 Rae8 30. Bxa4 e4 31. dxe4 Rxe4 32. Nc2 Rfe8 33. Rg4 Re2+ 34.
Kf1 Bc4 35. Rxf4 Rxc2+ 36. Rxc4 Rh2 37. Bxc6 Ree2 38. Re4 Rb2 39. Re8+ Kh7 40.
Be4+ g6 41. h5 Rxh5 42. Re7 Kg7 43. Rxa7 Rh4 44. Bd5 Rf4+ 45. Ke1 Kf6 46. Bxf7
Rg4 47. Kd1 Rg1# 0-1

[Event "Challenge"]
[Site "http://www.queenalice.com/game.php?id=722792"]
[Date "2010.1.30"]
[Round "-"]
[White "Ealon"]
[Black "tiro"]
[Result "0-1"]
[WhiteElo "1655"]
[BlackElo "976"]

1. Nf3 c5 2. e4 b6 3. c3 Ba6 4. c4 e6 5. d3 Nf6 6. Be2 Ng4 7. h3 Nf6 8. O-O Rg8
9. Nc3 g5 10. Bxg5 h6 11. Bh4 h5 12. Ne5 Nxe4 13. dxe4 Qxh4 14. Bxh5 Qf4 15.
Bxf7+ Kd8 16. Bxg8 Qxe5 17. Qf3 Bd6 18. g3 Nc6 19. Ne2 Kc7 20. Qg4 Qxb2 21. Bh7
Ne5 22. Qh5 Rf8 23. f4 Nxc4 24. e5 Nxe5 25. Rae1 Bb7 26. fxe5 Bxe5 27. Rxf8 Bd4+
28. Nxd4 Qg2# 0-1

[Event "Challenge"]
[Site "http://www.queenalice.com/game.php?id=722819"]
[Date "2010.1.30"]
[Round "-"]
[White "Ealon"]
[Black "Vladimir"]
[Result "0-1"]
[WhiteElo "1688"]
[BlackElo "1781"]

1. e4 e5 2. d3 Bc5 3. Nc3 h6 4. Nf3 Nf6 5. Nxe5 d6 6. Nc4 O-O 7. Be2 b5 8. Nxb5
Ba6 9. Nca3 c6 10. Nc3 Re8 11. O-O d5 12. exd5 Nxd5 13. Nxd5 Qxd5 14. Bf3 Qd4
15. c3 Qh4 16. g3 Qf6 17. Re1 Rxe1+ 18. Qxe1 Qxf3 19. d4 Bxa3 20. bxa3 Nd7 21.
c4 Bxc4 22. Bb2 Bd5 23. Kf1 Qh1+ 24. Ke2 Re8+ 25. Kd3 Rxe1 26. Rxe1 Qxe1 27. a4
Qxf2 28. Bc3 Bxa2 29. a5 Nb6 30. axb6 axb6 31. Ke4 Qc2+ 32. Ke5 Qxc3 33. g4 Qb4
34. h3 g6 35. h4 Kg7 0-1

[Event "Challenge"]
[Site "http://www.queenalice.com/game.php?id=722826"]
[Date "2010.1.30"]
[Round "-"]
[White "Ealon"]
[Black "pcteilor"]
[Result "0-1"]
[WhiteElo "1642"]
[BlackElo "1174"]

1. e4 e5 2. Bc4 Nf6 3. d3 Bc5 4. Nf3 a6 5. Nxe5 O-O 6. Bg5 b5 7. Bb3 h6 8. Bxf6
Qxf6 9. d4 Bb6 10. Nc3 d6 11. Ng4 Qh4 12. h3 c5 13. dxc5 Bxc5 14. O-O Nc6 15.
Bd5 Bb7 16. Ne3 Rae8 17. Nf5 Qf4 18. a3 Ba8 19. b4 Ba7 20. Bxf7+ Rxf7 21. Nxd6
Bb8 22. Nxe8 Qh2# 0-1

[Event "Challenge"]
[Site "http://www.queenalice.com/game.php?id=722833"]
[Date "2010.1.30"]
[Round "-"]
[White "Gadou"]
[Black "Ealon"]
[Result "0-1"]
[WhiteElo "1340"]
[BlackElo "1611"]

1. e4 e5 2. Qf3 Nf6 3. Qf5 d6 4. Qf3 Be7 5. Bc4 O-O 6. h3 c5 7. g4 Be6 8. Be2 d5
9. d3 dxe4 10. dxe4 Nxe4 11. Qxe4 Bd5 12. Qxe5 Bxh1 13. b3 Bf6 14. Qf5 Bxa1 15.
f3 Qd4 16. Bd3 Qxg1+ 17. Ke2 Re8+ 18. Be4 g6 19. Be3 gxf5 20. Bxg1 fxe4 21. f4
Bf3+ 22. Ke3 Bd4+ 23. Kd2 Bxg1 0-1

[Event "Challenge"]
[Site "http://www.queenalice.com/game.php?id=722834"]
[Date "2010.1.30"]
[Round "-"]
[White "Ealon"]
[Black "The_Clown"]
[Result "0-1"]
[WhiteElo "1640"]
[BlackElo "1423"]

1. e4 e5 2. Nf3 Nc6 3. Bc4 Nf6 4. d3 a6 5. Ng5 b5 6. Nxf7 Qe7 7. Nxh8 bxc4 8.
O-O cxd3 9. cxd3 d5 10. Nc3 d4 11. Ne2 a5 12. a3 Ba6 13. Qc2 Bb7 14. Bg5 h6 15.
Ng6 Qf7 16. Nxf8 Kxf8 17. Bxf6 Qxf6 18. Ng3 Kg8 19. Qb3+ Kh7 20. Qxb7 Rb8 21.
Qxc7 Rxb2 22. Nh5 Qg6 23. Rac1 Qxh5 24. Rxc6 Rd2 25. Qxa5 Rd1 26. Rc1 Rxd3 27.
a4 Rb3 28. Qc5 d3 29. Rb1 Rxb1 0-1

[Event "Challenge"]
[Site "http://www.queenalice.com/game.php?id=722893"]
[Date "2010.1.30"]
[Round "-"]
[White "pokerninja"]
[Black "Ealon"]
[Result "0-1"]
[WhiteElo "1231"]
[BlackElo "1655"]

1. a4 e5 2. h4 Nf6 3. Nf3 Nc6 4. d4 Bd6 5. Nc3 Qe7 6. e3 O-O 7. Nb5 Bb4+ 8. c3
Bd6 9. Nxe5 Bxe5 10. dxe5 Nxe5 11. f4 Ng6 12. h5 Nxf4 13. Qf3 N4xh5 14. Rxh5
Nxh5 15. Qxh5 g6 16. Qf3 c6 17. Nc7 Rb8 18. Bc4 d5 19. Qg3 Bf5 20. Be2 Rbc8 21.
e4 Bxe4 22. Bf4 Bf5 23. Bg5 f6 24. Bh6 Rxc7 25. c4 Re8 26. Qf2 Qb4+ 27. Kf1 Rce7
28. Re1 g5 29. Qxf5 Re4 30. Qg6+ hxg6 31. Bf3 Qxe1# 0-1

[Event "MEDALHA V"]
[Site "http://www.queenalice.com/game.php?id=722969"]
[Date "2010.1.30"]
[Round "-"]
[White "perucona"]
[Black "Ealon"]
[Result "1-0"]
[WhiteElo "1562"]
[BlackElo "1615"]

1. e4 e5 2. d4 d6 3. d5 Nf6 4. Nc3 Bd7 5. Nf3 Be7 6. Bb5 a6 7. Bxd7+ Qxd7 8. O-O
O-O 9. Bg5 h6 10. Bxf6 Bxf6 11. Nd2 b5 12. Qf3 c6 13. Qg3 Bg5 14. Nf3 Bf4 15.
Qh3 Qxh3 16. gxh3 Nd7 17. Nh4 g6 18. Ne2 Bg5 19. Nf3 cxd5 20. exd5 Be7 21. Kh1
Nb6 22. Nc3 b4 23. Ne2 Nxd5 24. Rg1 g5 25. Rg2 Nf4 26. Nxf4 exf4 27. Rag1 f6 28.
h4 Rac8 29. Nd4 d5 30. Ne6 Rfe8 31. hxg5 fxg5 32. f3 Bf6 33. Nd4 Bxd4 34. Rb1
1-0

[Event "Challenge"]
[Site "http://www.queenalice.com/game.php?id=723244"]
[Date "2010.1.31"]
[Round "-"]
[White "Ealon"]
[Black "carloskasparov"]
[Result "1-0"]
[WhiteElo "1655"]
[BlackElo "1255"]

1. e4 e5 2. Nf3 Nc6 3. Bd3 Nf6 4. O-O Be7 5. c4 Nh5 6. Nxe5 Nxe5 7. Qe2 Nf4 8.
Qd1 Nexd3 9. Nc3 Bc5 10. Qf3 c6 11. g3 Nh3+ 12. Kg2 d5 13. Qxd3 O-O 14. Na4 b6
15. b3 Re8 16. Bb2 Bd6 17. Qc3 Be5 18. d4 Ng5 19. Kh1 dxe4 20. dxe5 Bg4 21. e6
Nxe6 22. Rae1 c5 23. Rxe4 Bh3 24. Rxe6 Rxe6 25. Qxg7# 1-0

[Event "Challenge"]
[Site "http://www.queenalice.com/game.php?id=723255"]
[Date "2010.1.31"]
[Round "-"]
[White "carloskasparov"]
[Black "Ealon"]
[Result "0-1"]
[WhiteElo "1225"]
[BlackElo "1634"]

1. f4 e6 2. c3 d5 3. Nf3 Bd6 4. e3 Nf6 5. Bb5+ c6 6. Ba4 b5 7. Bb3 Na6 8. O-O
O-O 9. d4 b4 10. Bc2 Rb8 11. Ng5 g6 12. Rf3 e5 13. dxe5 Bg4 14. exf6 Bxf3 15.
Qxf3 h6 16. Qg3 Qxf6 17. e4 hxg5 18. Bd1 gxf4 19. Qh3 dxe4 20. Nd2 bxc3 21. bxc3
Qh8 22. Qxh8+ Kxh8 23. c4 Be5 24. Rb1 Rxb1 25. Nxe4 Rxc1 26. h3 Rxd1+ 27. Kf2
Rfd8 28. Ke2 f5 29. Nf2 R1d2+ 30. Ke1 Rxa2 31. Nh1 Rb8 32. Kf1 Rb1# 0-1

[Event "Challenge"]
[Site "http://www.queenalice.com/game.php?id=723260"]
[Date "2010.1.31"]
[Round "-"]
[White "samuelrmgs"]
[Black "Ealon"]
[Result "0-1"]
[WhiteElo "1396"]
[BlackElo "1634"]

1. e4 Nf6 2. Nc3 e5 3. Bc4 Bd6 4. Bb3 c5 5. Qe2 O-O 6. Nh3 b6 7. O-O Ba6 8. Bc4
Bb7 9. Qd1 Nc6 10. a4 Na5 11. b3 Nxe4 12. Nxe4 Bxe4 13. d3 Bc6 14. Bd2 Nxc4 15.
dxc4 Qf6 16. f3 e4 17. fxe4 Qd4+ 18. Kh1 Qxe4 19. Qf3 Qd4 20. Qe3 Qg4 21. Rf2
Rae8 22. Qd3 Re6 23. Re1 Rg6 24. Kg1 Bxg2 25. Re3 Bxh3+ 26. Kh1 Qg1# 0-1

[Event "Challenge"]
[Site "http://www.queenalice.com/game.php?id=723898"]
[Date "2010.2.1"]
[Round "-"]
[White "Maraz"]
[Black "Ealon"]
[Result "0-1"]
[WhiteElo "1386"]
[BlackElo "1642"]

1. e4 e5 2. g3 Bc5 3. c3 Qf6 4. Nh3 d6 5. d4 exd4 6. cxd4 Bxd4 7. Be3 Bxb2 8.
Bb5+ Bd7 9. a4 Bxa1 10. Nd2 a6 11. Bg5 Qe5 12. Nc4 Qxe4+ 13. Kd2 axb5 14. Re1
Nf6 15. f3 Bc3+ 16. Kxc3 b4+ 17. Kb3 Bxa4+ 18. Kb2 Bxd1 19. fxe4 Bf3 20. Bxf6
gxf6 21. Kb3 c5 22. Nb6 Ra3+ 23. Kb2 Nd7 24. Nd5 Ne5 25. Rd1 Bxd1 26. Nf2 Bf3
27. Nxf6+ Ke7 28. Nd5+ Kd7 29. Nh3 Nd3+ 30. Kc2 Bxe4 31. Ne3 Ne1+ 32. Kb2 Rha8
33. Ng5 Rxe3 34. Nxf7 Raa3 35. Ng5 Re2+ 36. Kc1 Ra1# 0-1